Größte Städte Asiens - Extrem - Statistiken

Allgemein
  • Dieses Quiz wurde 128 mal gespielt
  • Das Durchschnittsergebnis liegt bei 44 aus 65
Antwortstatistiken
Einwohner Land Stadt % Korrekt
41.0 Mio. Japan Tokio
99%
25.1 Mio. Südkorea Seoul
97%
21.2 Mio. Thailand Bangkok
96%
29.2 Mio. Indonesien Jakarta
96%
27.1 Mio. Indien Mumbai
96%
17.7 Mio. Japan Osaka
96%
21.2 Mio. China Peking
96%
27.2 Mio. Philippinen Manila
95%
16.5 Mio. Iran Teheran
95%
15.9 Mio. Türkei Istanbul
94%
22.5 Mio. Bangladesch Dhaka
93%
40.8 Mio. China Shanghai
93%
34.6 Mio. Indien Delhi
91%
5.95 Mio. VAE Dubai
89%
70.1 Mio. China Guangzhou
88%
17.7 Mio. Indien Kalkutta
88%
7.85 Mio. Singapur Singapur
88%
5.15 Mio. Türkei Ankara
87%
7.50 Mio. Saudi-Arabien Riad
87%
7.15 Mio. Vietnam Hanoi
86%
9.30 Mio. Malaysia Kuala Lumpur
85%
9.95 Mio. Taiwan Taipeh
84%
7.25 Mio. China Hongkong
82%
20.9 Mio. Pakistan Karatschi
81%
7.65 Mio. Irak Bagdad
80%
5.05 Mio. Afganistan Kabul
79%
14.2 Mio. Indien Bengaluru
77%
6.00 Mio. Jordanien Amman
75%
13.9 Mio. Vietnam Ho-Chi-Minh-Stadt
74%
14.5 Mio. Pakistan Lahore
74%
12.6 Mio. Indien Chennai
73%
12.8 Mio. China Xian
73%
12.2 Mio. China Wuhan
72%
17.3 Mio. China Chengdu
68%
9.60 Mio. Indien Ahmedabad
67%
11.4 Mio. Indien Hyderabad
67%
14.9 Mio. China Xiamen
65%
10.5 Mio. Japan Nagoya
64%
9.30 Mio. China Nanjing
64%
5.90 Mio. Indonesien Surabaya
61%
6.95 Mio. Indonesien Bandung
60%
5.00 Mio. Bangladesch Chittagong
60%
7.45 Mio. China Qingdao
59%
13.9 Mio. China Hangzhou
58%
5.45 Mio. China Harbin
58%
7.75 Mio. Indien Pune
57%
5.30 Mio. China Dalian
55%
6.15 Mio. Myanmar Yangon
54%
7.75 Mio. Indien Surat
53%
8.70 Mio. China Shenyang
49%
5.10 Mio. China Wenzhou
45%
11.0 Mio. China Changsha
44%
6.50 Mio. China Kunming
44%
9.80 Mio. China Zhengzhou
43%
5.30 Mio. China Nanning
41%
8.00 Mio. China Shantou
40%
6.55 Mio. China Jinan
37%
5.05 Mio. China Changchun
34%
7.30 Mio. China Ningbo
34%
5.95 Mio. China Taiyuan
31%
6.20 Mio. China Shijiazhuang
30%
5.05 Mio. China Guiyang
29%
11.5 Mio. China Tientsin
29%
7.80 Mio. China Hofei
28%
10.9 Mio. China Chungking
27%
Keine übereinstimmenden Quizze gefunden
Verteilung der Resultate
Anzahl Personen mit jedem Resultat
Perzentil nach korrekt beantworteten Fragen
Ihre Resultats-Entwicklung
Sie haben dieses Quiz noch nicht gespielt